Normal view
MARC view
- Neurons
Entry Topical Term
001 - CONTROL NUMBER
- control field: 81248
003 - CONTROL NUMBER IDENTIFIER
- control field: NUST
005 - DATE AND TIME OF LATEST TRANSACTION
- control field: 20210805105017.0
008 - FIXED-LENGTH DATA ELEMENTS
- fixed length control field: 210805|| aca||aabn | a|a d
040 ## - CATALOGING SOURCE
- Original cataloging agency: NUST
- Transcribing agency: NUST
150 ## - HEADING--TOPICAL TERM
- Topical term or geographic name entry element: Neurons
670 ## - SOURCE DATA FOUND
- Source citation: Work cat.: (NUST)32367: Neuroprosthetics Theory And Practice /, c2004.
